000 00479nam a2200181Ia 4500
003 GCL
008 140319s9999 xx 000 0 eng d
040 _aGCL /
_cGCL
082 0 4 _a843
_bM C
100 1 _aDE MONTHERLANT, HENRY
245 1 0 _aCELLES QU'ON PREND DANS SES BRAS /
_cDE MONTHERLANT, HENRY
260 _a[S.N] :
_bGALLIMARD ،
_c1983
300 _a115 P
490 _aCOLLECTION FOLIO
_v0
650 0 4 _aLITERATURE
650 0 4 _aFRENCH LITERATURE
942 _2ddc
_cBK
999 _c23452
_d23452